Ballon d'or - Statistiques

Statistiques générales
  • Ce quiz a été pris 115 fois
  • Le résultat moyen est 39 sur 68
Statistiques - réponses
Hint Réponse % Correct
2008 Cristiano Ronaldo
99%
2013 Cristiano Ronaldo
99%
2014 Cristiano Ronaldo
99%
2016 Cristiano Ronaldo
99%
2017 Cristiano Ronaldo
99%
2009 Messi
99%
2010 Messi
99%
2011 Messi
99%
2012 Messi
99%
2015 Messi
99%
2019 Messi
99%
2021 Messi
99%
2023 Messi
99%
1997 Ronaldo
98%
2002 Ronaldo
98%
1998 Zidane
96%
2022 Benzema
95%
2018 Modric
94%
2024 Rodri
92%
2007 Kakà
85%
2005 Ronaldinho
81%
1983 Platini
80%
1984 Platini
80%
1985 Platini
80%
2006 Cannavaro
75%
2001 Owen
64%
1971 Cruyff
62%
1973 Cruyff
62%
1974 Cruyff
62%
2003 Nedved
61%
1991 Papin
60%
1988 Van Basten
59%
1989 Van Basten
59%
1992 Van Basten
59%
1999 Rivaldo
58%
2000 Figo
55%
1995 Weah
53%
1958 Kopa
52%
1987 Gullit
48%
1972 Beckenbauer
47%
1976 Beckenbauer
47%
1957 Di Stéfano
47%
1959 Di Stéfano
47%
1968 Best
42%
1970 Müller
42%
1963 Yachine
42%
1993 Baggio
40%
1965 Eusébio
38%
2004 Chevtchenko
33%
1990 Matthäus
33%
1960 Suarez
31%
1996 Sammer
30%
1966 Charlton
29%
1956 Matthews
25%
1982 Rossi
24%
1978 Keegan
21%
1979 Keegan
21%
1994 Stoitchkov
16%
1967 Albert
13%
1962 Masopust
13%
1969 Rivera
12%
1964 Law
11%
1961 Sivori
11%
1986 Belanov
10%
1975 Blokhine
10%
1977 Simonsen
10%
1980 Heinz Remmenigge
1%
1981 Heinz Remmenigge
1%
Aucun quiz correspondant
Distribution des résultats
% des personnes avec chaque résultat
Percentile par nombre de réponses
Votre historique - résultats
Vous n’avez pas pris ce quiz